| 000 | 01026nam a2200181Ia 4500 | ||
|---|---|---|---|
| 008 | 090124s9999 xx 000 0 und d | ||
| 082 |
_b133663 _a102674 |
||
| 100 | _aउर्ध्वरेषे बाळ | ||
| 245 | _a नेटवर्क व्यवसायातून अधिक पैसा मिळविण्याच्या 201 सोप्या सरळ कल्पना | ||
| 250 | _a1 | ||
| 260 |
_bरिचर्ड टॅन आणि के.सी.सी. _c2005 |
||
| 300 | _a96 | ||
| 600 | _aउर्ध्वरेषे बाळ | ||
| 630 | _a नेटवर्क व्यवसायातून अधिक पैसा मिळविण्याच्या 201 सोप्या सरळ कल्पना | ||
| 700 | _aउर्ध्वरेषे बाळ | ||
| 730 | _a नेटवर्क व्यवसायातून अधिक पैसा मिळविण्याच्या 201 सोप्या सरळ कल्पना | ||
| 942 | _cBOOK | ||
| 999 |
_c179898 _d179898 |
||